| 000 | 00455nam a2200169Ia 4500 | ||
|---|---|---|---|
| 008 | 230524s9999 xx 000 0 und d | ||
| 020 | _a8179925919 | ||
| 082 |
_a523.1 _bHaw |
||
| 100 |
_aStephen w Hawking _945116 |
||
| 245 | 4 | _aThe Theory of Everything : the origin and fate of the universe | |
| 250 | _a1 | ||
| 260 |
_aMumbai _bJaico _c2009 |
||
| 300 | _a"vii,132p;" | ||
| 500 | _aQuantity Number: 1 | ||
| 650 |
_aMiscellaneous _91877 |
||
| 942 | _cBK | ||
| 999 |
_c60738 _d60738 |
||